00212nam a22000977a 4500040001200000082001400012100001600026245002100042260004100063300001000104 cMSOHAIL a923.55491 aRao Rasheed aJu Mein Ney Deka aLahorebJamhori Publications cc2010 a238;p